Análisis e interpretación de balances (Registro nro. 1919)

Detalles MARC
000 -LEADER
fixed length control field 01087 a2200205 4500
001 - CONTROL NUMBER
control field 29640
005 - DATE AND TIME OF LATEST TRANSACTION
control field 20260407155606.0
008 - FIXED-LENGTH DATA ELEMENTS--GENERAL INFORMATION
fixed length control field 260407a1955 arg spa d
003 - CONTROL NUMBER IDENTIFIER
control field AR-UNSa-BCEJYS
040 ## - CATALOGING SOURCE
Original cataloging agency AR-UNSa-BCEJYS
Language of cataloging spa
Transcribing agency AR-UNSa-BCEJYS
080 ## - UNIVERSAL DECIMAL CLASSIFICATION NUMBER
Universal Decimal Classification number 657.36
Common auxiliary subdivision Balances de comprobación (balance estimativo). Balances de saldo. Balance intermedio
100 1# - MAIN ENTRY--PERSONAL NAME
Personal name Cholvis, Francisco
245 10 - TITLE STATEMENT
Title Análisis e interpretación de balances
250 ## - EDITION STATEMENT
Edition statement 4a. ed
264 #1 - PRODUCTION, PUBLICATION, DISTRIBUTION, MANUFACTURE, AND COPYRIGHT NOTICE
Place of production, publication, distribution, manufacture Buenos Aires :
Name of producer, publisher, distributor, manufacturer Prometeo Libros
Date of production, publication, distribution, manufacture, or copyright notice 1955
300 ## - PHYSICAL DESCRIPTION
Extent 237 p.
Dimensions 22 cm.
505 ## - FORMATTED CONTENTS NOTE
Formatted contents note 1. El análisis de balances - 2. Metodología de análisis - 3. Clasificación de cuentas. Tipificación de balances - 4. Análisis patrimonial - 5. Análisis de la solvencia - 6. Análisis de las inmovilizaciones - 7. Análisis de los bienes nominales y cargos diferidos - 8. Análisis de rendimiento - 9. Relación entre el balance y el estado demostrativo de ganancias y pérdidas - 10. Ponderación general de índices - 11. Bases para redactar los informes
590 ## - LOCAL NOTE (RLIN)
Local note niveau_biblio:m niveau_hierar:0
942 ## - ADDED ENTRY ELEMENTS (KOHA)
Koha item type
Existencias
Withdrawn status Lost status Damaged status Not for loan Home library Current library Shelving location Date acquired Total checkouts Full call number Barcode Date last seen Price effective from Koha item type
        Biblioteca Prof. Eusebio Cleto del Rey Biblioteca Prof. Eusebio Cleto del Rey   07/04/2026   657.36 C547a L20032 07/04/2026 07/04/2026 Libro
        Biblioteca Prof. Eusebio Cleto del Rey Biblioteca Prof. Eusebio Cleto del Rey   07/04/2026   657.36 C547a L20033 07/04/2026 07/04/2026 Libro